Practical methods of optimization
Furkejuvvon:
| Váldodahkki: | |
|---|---|
| Materiálatiipa: | Girji |
| Giella: | eaŋgalasgiella |
| Almmustuhtton: |
Chichester
John Wiley
1987
|
| Preanttus: | 2a. ed |
| Fáttát: | |
| Fáddágilkorat: |
Lasit fáddágilkoriid
Eai fáddágilkorat, Lasit vuosttaš fáddágilkora!
|
MARC
| LEADER | 00000nam a2200000 a 4500 | ||
|---|---|---|---|
| 001 | UCX7678 | ||
| 003 | CL-VaPUC | ||
| 008 | 931227e19870000UK |||||||||||||||||eng|d | ||
| 082 | 0 | 4 | |a 519.3 |b FLE |2 21 |
| 100 | 0 | |a Fletcher, Roger |e author |9 324592 | |
| 245 | 1 | 0 | |a Practical methods of optimization |
| 250 | |a 2a. ed | ||
| 300 | |a 436 p | ||
| 942 | |c BK | ||
| 945 | |d 19931227 00:00:00 |a mfernand | ||
| 260 | |a Chichester |b John Wiley |c 1987 | ||
| 650 | 0 | |a Optimización matemática |9 259780 | |
| 583 | |a last modification |c 19931227 00:00:00 |k Rodrigo Vera | ||
| 999 | |c 227442 |d 227440 | ||
| 952 | |0 0 |1 0 |4 0 |6 519_300000000000000_FLE_1987 |7 0 |8 A |9 226475 |a BIBGIM |b BIBGIM |d 2019-11-15 |i 2955849 |o 519.3 FLE 1987 |p 2955849 |r 2025-01-15 |w 2019-11-15 |y BK |k EST | ||